000
00239nam a2200097Ia 4500
001
762103
005
20250826165219.0
008
250824s9999 xx 000 0 und d
245
0
_a
ŞİŞEDEKİ CİN
_c
J.W. GRIMM
260
_b
AKVARYUM YAYINLARI
999
_c
762103
_d
762103